000 01036nmm a2200277 a 4500
001 ocm0001732481
003 TR-IsHL
005 20201028171159.0
008 180224s2017 tu eng
007 cr cn
020 _a9786059496858
035 _a1732481
_b(N$T)
050 0 4 _aPQ4315.9
_b.M3 2017
090 0 4 _aPQ4315.9
_b.M3 2017
100 1 _aMacgregor, Mary
245 1 0 _aStories from Dante: told to the children
_h[electronic resource] /
_cMary Macgregor ; illustrated by R. T. Rose
260 _aİstanbul :
_be-Kitap Projesi & Cheapest Books,
_c2017
300 _a145 p.
650 4 _aDil ve Edebiyat
650 4 _aLanguage and Literature
650 0 _aDante Alighieri, 1265-1321
_x İlahi komedya
_x Seçmeler
_x İngilizce
650 0 _aDante Alighieri, 1265-1321
_x Divina commedia
_x Selections
_x English
650 7 _aLITERARY COLLECTIONS / European / Italian
_2bisacsh
700 1 _aRose, R. T.
856 4 0 _uhttp://search.ebscohost.com/login.aspx?direct=true&scope=site&db=e011xww&AN=1732481
999 _c16639
_d16639